[Event "Schools-U15-17Open"]
[Site "Tehran2016"]
[Date "2016.07.10"]
[Round "5.9"]
[White "Nurmamedov, Azat"]
[Black "Saberi, Mahan"]
[Result "0-1"]
[BlackElo "1971"]
[WhiteElo "1691"]
[LiveChessVersion "1.4.8"]

1. e4 {[%clk 0:15:19]} c5 {[%clk 0:15:20]} 2. Nf3 {[%clk 0:15:27]} Nc6
{[%clk 0:15:29]} 3. d4 {[%clk 0:15:36]} cxd4 {[%clk 0:15:38]} 4. Nxd4 Nf6 5. Nc3
{[%clk 0:15:54]} g6 {[%clk 0:15:57]} 6. Be3 {[%clk 0:15:54]} Bg7 {[%clk 0:16:03]}
7. Bc4 {[%clk 0:15:56]} O-O {[%clk 0:16:09]} 8. Bb3 {[%clk 0:15:58]} d6
{[%clk 0:12:07]} 9. f3 {[%clk 0:16:04]} Bd7 {[%clk 0:12:05]} 10. Qd2
{[%clk 0:16:11]} Nxd4 {[%clk 0:12:14]} 11. Bxd4 {[%clk 0:16:18]} b5
{[%clk 0:12:22]} 12. O-O-O {[%clk 0:15:58]} a5 {[%clk 0:12:03]} 13. Nd5
{[%clk 0:15:25]} Nxd5 {[%clk 0:11:55]} 14. Bxd5 {[%clk 0:15:32]} Rc8
{[%clk 0:11:46]} 15. Bxg7 {[%clk 0:15:07]} Kxg7 {[%clk 0:11:54]} 16. a3
{[%clk 0:13:46]} Qc7 {[%clk 0:11:07]} 17. Bb3 {[%clk 0:12:54]} a4
{[%clk 0:09:06]} 18. Ba2 {[%clk 0:11:45]} Qc5 {[%clk 0:08:16]} 19. Qd4+
{[%clk 0:10:44]} Qxd4 {[%clk 0:08:17]} 20. Rxd4 Rc5 21. Re1 {[%clk 0:10:47]} Bc8
{[%clk 0:07:02]} 22. c3 {[%clk 0:10:06]} Rh5 {[%clk 0:06:31]} 23. h3
{[%clk 0:09:50]} Rg5 {[%clk 0:06:40]} 24. Re2 {[%clk 0:09:39]} Bb7
{[%clk 0:06:40]} 25. Bd5 {[%clk 0:09:16]} Bxd5 {[%clk 0:05:21]} 26. Rxd5
{[%clk 0:09:24]} Rxd5 {[%clk 0:05:26]} 27. exd5 {[%clk 0:09:33]} Kf6
{[%clk 0:05:36]} 28. Re4 {[%clk 0:08:54]} Rc8 {[%clk 0:05:43]} 29. Rf4+
{[%clk 0:08:55]} Kg7 {[%clk 0:05:51]} 30. Re4 {[%clk 0:08:59]} Kf6
{[%clk 0:05:58]} 31. Rf4+ {[%clk 0:08:02]} Kg7 {[%clk 0:06:07]} 32. Re4
{[%clk 0:06:43]} Rc7 {[%clk 0:05:29]} 33. Kc2 {[%clk 0:06:35]} f5
{[%clk 0:05:35]} 34. Rd4 {[%clk 0:06:22]} Kf6 {[%clk 0:05:37]} 35. b3
{[%clk 0:06:17]} axb3+ {[%clk 0:05:03]} 36. Kxb3 {[%clk 0:06:26]} g5
{[%clk 0:04:57]} 37. g3 {[%clk 0:05:31]} Rc5 {[%clk 0:04:24]} 38. Kb4
{[%clk 0:03:41]} h6 {[%clk 0:04:09]} 39. Rd3 {[%clk 0:02:35]} f4 {[%clk 0:03:44]}
40. gxf4 gxf4 41. Rd4 {[%clk 0:02:52]} Kg5 {[%clk 0:03:41]} 42. Kb3
{[%clk 0:02:24]} Kh4 {[%clk 0:03:11]} 43. Rxf4+ {[%clk 0:02:33]} Kxh3
{[%clk 0:03:20]} 44. Rf5 {[%clk 0:02:12]} Kh4 {[%clk 0:03:13]} 45. Kb4
{[%clk 0:01:25]} h5 {[%clk 0:03:16]} 46. Rf7 {[%clk 0:01:12]} Rxd5
{[%clk 0:03:20]} 47. Rxe7 {[%clk 0:01:20]} Kg3 {[%clk 0:03:27]} 48. c4
{[%clk 0:00:52]} bxc4 {[%clk 0:03:29]} 49. Kxc4 {[%clk 0:01:01]} Rf5
{[%clk 0:03:37]} 50. a4 {[%clk 0:00:42]} h4 {[%clk 0:03:46]} 51. Rh7
{[%clk 0:00:25]} h3 {[%clk 0:03:43]} 52. Kb4 {[%clk 0:00:19]} h2 {[%clk 0:03:17]}
53. a5 {[%clk 0:00:22]} Rf4+ {[%clk 0:03:22]} 54. Kb5 {[%clk 0:00:29]} Rh4
{[%clk 0:03:31]} 55. Rg7+ {[%clk 0:00:12]} Kf2 {[%clk 0:03:39]} 0-1

[Event "Schools-U15-17Open"]
[Site "Tehran2016"]
[Date "2016.07.10"]
[Round "5.10"]
[White "Ramezani, Mahan"]
[Black "Quizon, Daniel"]
[Result "0-1"]
[BlackElo "1583"]
[WhiteElo "1862"]
[LiveChessVersion "1.4.8"]

1. e4 c5 2. Nf3 e6 3. c4 a6 4. Nc3 Qc7 5. d4 cxd4 6. Nxd4 b6 7. Be2 Bb7 8. Be3
Nf6 9. f3 d6 10. O-O Nbd7 11. Rc1 Be7 12. Qd2 O-O 13. Kh1 Rac8 14. b4 Rfd8 15. a4
Qb8 16. Rfd1 Bf8 17. Qe1 d5 18. cxd5 exd5 19. Nxd5 Bxd5 20. exd5 Nxd5 21. Bd2
Rxc1 22. Rxc1 Qd6 23. Bxa6 Nxb4 24. Nb5 Qe7 25. Qf1 Nxa6 26. Na7 Nab8 27. Bf4 Ne5
28. Nb5 Nd3 29. Rc7 Qb4 30. Bg3 Qxa4 31. Nc3 Qd4 32. Ne4 Nc5 33. Nf2 Bd6 34. Bxd6
Qxd6 35. Ra7 Nc6 36. Ra1 g6 37. h3 Ne7 38. Ng4 Nf5 39. Qf2 h5 40. Ne3 Nd3 41. Qd2
Qe5 0-1

[Event "Schools-U15-17Open"]
[Site "Tehran2016"]
[Date "2016.07.10"]
[Round "5.11"]
[White "Daghli, Arash"]
[Black "Yuldoshev, Mekhriddin"]
[Result "1-0"]
[BlackElo "1844"]
[WhiteElo "2024"]
[LiveChessVersion "1.4.8"]

1. d4 Nf6 2. c4 c5 3. d5 d6 4. Nc3 g6 5. e4 Bg7 6. f4 O-O 7. Be2 Nbd7 8. Nf3 Nb6
9. Nd2 a6 10. O-O e6 11. a4 exd5 12. cxd5 Re8 13. Qc2 Bg4 14. Bd3 Nh5 15. g3 Bd4+
16. Kg2 Qc8 17. Re1 c4 18. Be2 Bh3+ 19. Kh1 Bf2 20. Rd1 Bg4 21. Nf3 f5 22. e5
dxe5 23. Nxe5 Qc5 24. Bxg4 fxg4 25. a5 Bd4 26. axb6 Bxe5 27. fxe5 Rxe5 28. Bf4
Nxf4 29. gxf4 Rh5 30. Qg2 1-0

[Event "Schools-U15-17Open"]
[Site "Tehran2016"]
[Date "2016.07.10"]
[Round "5.12"]
[White "Mohammadi, Pouya"]
[Black "Ahmadi, Ali"]
[Result "0-1"]
[BlackElo "1698"]
[WhiteElo "1920"]
[LiveChessVersion "1.4.8"]

1. Nf3 Nf6 2. g3 e6 3. Bg2 d5 4. O-O Be7 5. d3 O-O 6. Nbd2 c5 7. e4 Nc6 8. e5 Nd7
9. Re1 Qc7 10. Qe2 b6 11. Nf1 Bb7 12. Bf4 Rfd8 13. h4 Bf8 14. N1h2 Ne7 15. Ng5 h6
16. Nh3 Ng6 17. Kh1 d4 18. Bf3 Bxf3+ 19. Nxf3 Qc6 20. Kh2 b5 21. h5 Ne7 22. g4
Kh8 23. g5 Nf5 24. Rg1 Be7 25. Nd2 Nb6 26. Qg4 Rg8 27. Ne4 Nd5 28. Bd2 Qc7 29. f4
Nde3 30. Bxe3 Nxe3 31. Qe2 Nd5 32. Rg3 c4 33. Rag1 cxd3 34. Rxd3 Rac8 35. Rxd4
Qxc2 36. Rd2 Qc4 37. Qf3 Bc5 38. Rgg2 Ne3 39. Rge2 Nf5 40. Qg4 Ne3 41. Qf3 Nf5
42. Rg2 Ne3 43. Rge2 Nf5 44. Qf1 Be3 45. Rd1 Qxe4 46. Qg2 Qxg2+ 47. Kxg2 Bb6 48.
Kf3 Nd4+ 0-1

[Event "Schools-U15-17Open"]
[Site "Tehran2016"]
[Date "2016.07.10"]
[Round "6.1"]
[White "Omidi, Arya"]
[Black "Molaei, Mohammadamin"]
[Result "1/2-1/2"]
[BlackElo "2151"]
[WhiteElo "2049"]
[LiveChessVersion "1.4.8"]

1. Nf3 c5 2. g3 Nc6 3. Bg2 g6 4. d4 cxd4 5. Nxd4 Bg7 6. Nxc6 bxc6 7. O-O Nf6 8.
Nd2 O-O 9. c3 Rb8 10. Qa4 Qb6 11. Nb3 Qa6 12. Qxa6 Bxa6 13. Re1 Bc4 14. e4 Rfc8
15. Nd2 Be6 16. b3 d6 17. Bb2 Nd7 18. Rac1 a5 19. Ba3 c5 20. f4 Nb6 21. c4 a4 22.
e5 axb3 23. axb3 dxe5 24. Bb2 exf4 25. Bxg7 Kxg7 26. gxf4 Nd7 27. Rc3 Nf6 28. Nf3
Rc7 29. Ng5 Bf5 30. Ne4 Bxe4 31. Bxe4 Nxe4 32. Rxe4 Ra8 33. Kf2 Ra2+ 34. Re2 Rca7
35. Rce3 e6 36. Kf3 Rxe2 37. Rxe2 Ra3 38. Rb2 Kf6 39. Ke4 Ke7 40. Kd3 h5 41. Kc3
Ra1 42. Kd3 Rf1 43. Ke3 Kd6 44. Rd2+ Ke7 45. Rb2 f6 46. b4 cxb4 47. Rxb4 Rh1 48.
Rb7+ Kd6 49. Rg7 Rg1 50. Rf7 f5 51. Kd4 Rd1+ 52. Ke3 Re1+ 53. Kf3 Re4 54. Rg7
Rxc4 55. Rxg6 Rc3+ 56. Kg2 h4 57. Rh6 Kd5 58. Rxh4 Ke4 59. Rh6 Rc2+ 60. Kg3 e5
61. fxe5 f4+ 62. Kh3 Kxe5 63. Kg4 Rc3 64. Rh8 f3 65. Re8+ Kd4 66. Kg3 Re3 67.
Rd8+ Ke4 1/2-1/2

[Event "Schools-U15-17Open"]
[Site "Tehran2016"]
[Date "2016.07.10"]
[Round "6.2"]
[White "Tahbaz, Arash"]
[Black "Sheykhali, Mohammadreza"]
[Result "1/2-1/2"]
[BlackElo "2092"]
[WhiteElo "2138"]
[LiveChessVersion "1.4.8"]

1. e4 {[%clk 0:15:18]} b6 {[%clk 0:15:02]} 2. d4 Bb7 3. Bd3 {[%clk 0:15:34]} e6
{[%clk 0:15:21]} 4. Nf3 {[%clk 0:15:40]} d6 {[%clk 0:15:30]} 5. O-O
{[%clk 0:15:20]} Nd7 {[%clk 0:15:31]} 6. a4 {[%clk 0:13:15]} Ngf6
{[%clk 0:15:13]} 7. Nbd2 {[%clk 0:12:41]} Be7 {[%clk 0:15:20]} 8. a5
{[%clk 0:12:32]} bxa5 {[%clk 0:15:16]} 9. e5 {[%clk 0:11:36]} Nd5
{[%clk 0:15:01]} 10. Nc4 {[%clk 0:11:38]} O-O {[%clk 0:14:20]} 11. Nxa5
{[%clk 0:11:43]} Rb8 {[%clk 0:14:15]} 12. Nxb7 {[%clk 0:11:27]} Rxb7 13. c3
{[%clk 0:11:08]} c5 {[%clk 0:13:26]} 14. exd6 {[%clk 0:08:32]} Bxd6
{[%clk 0:13:34]} 15. dxc5 {[%clk 0:07:41]} Nxc5 {[%clk 0:13:13]} 16. Bc2
{[%clk 0:07:46]} a5 {[%clk 0:13:22]} 17. Re1 {[%clk 0:06:35]} h6 {[%clk 0:13:05]}
18. Nd4 {[%clk 0:06:02]} Bc7 {[%clk 0:12:04]} 19. Qg4 {[%clk 0:05:55]} Qf6
{[%clk 0:11:52]} 20. g3 {[%clk 0:05:05]} Nd7 {[%clk 0:11:25]} 21. Qe4
{[%clk 0:05:05]} g6 {[%clk 0:10:33]} 22. Bxh6 {[%clk 0:05:13]} Re8
{[%clk 0:10:42]} 23. Rab1 {[%clk 0:05:00]} Bb6 {[%clk 0:10:21]} 24. h4
{[%clk 0:04:50]} Bxd4 {[%clk 0:09:41]} 25. cxd4 {[%clk 0:04:51]} Rb4
{[%clk 0:09:50]} 26. Red1 {[%clk 0:04:27]} Nc5 27. Qg4 {[%clk 0:04:29]} Nb3
{[%clk 0:09:36]} 28. Bxb3 {[%clk 0:03:44]} Rxb3 {[%clk 0:09:46]} 29. h5
{[%clk 0:03:49]} Qf5 {[%clk 0:09:43]} 30. Qxf5 {[%clk 0:03:31]} gxf5
{[%clk 0:09:47]} 31. Rdc1 {[%clk 0:02:57]} Reb8 {[%clk 0:09:01]} 32. Ra1
{[%clk 0:02:54]} Rxb2 {[%clk 0:08:32]} 33. Rxa5 Rb1 {[%clk 0:08:41]} 34. Rxb1
{[%clk 0:02:53]} Rxb1+ {[%clk 0:08:51]} 35. Kg2 Nf6 {[%clk 0:08:57]} 36. Be3
{[%clk 0:01:22]} Nxh5 {[%clk 0:08:53]} 37. d5 {[%clk 0:01:31]} exd5
{[%clk 0:08:54]} 38. Rxd5 {[%clk 0:01:37]} Ng7 {[%clk 0:08:59]} 39. Kf3
{[%clk 0:01:29]} Rb4 {[%clk 0:08:44]} 40. Rd7 {[%clk 0:01:27]} Ne6
{[%clk 0:08:30]} 41. Rd5 {[%clk 0:01:36]} Rb3 {[%clk 0:08:25]} 42. Kg2
{[%clk 0:01:45]} Ng7 {[%clk 0:08:27]} 43. Kf3 {[%clk 0:01:54]} Rb4
{[%clk 0:08:35]} 44. Kg2 {[%clk 0:01:53]} Kh7 {[%clk 0:08:17]} 45. Rd1
{[%clk 0:01:57]} Kg6 {[%clk 0:08:07]} 46. Kf3 {[%clk 0:01:55]} Ne6
{[%clk 0:08:01]} 47. Rd6 {[%clk 0:02:04]} Ra4 {[%clk 0:08:06]} 48. Rb6
{[%clk 0:02:09]} Rc4 {[%clk 0:08:13]} 49. Rb8 {[%clk 0:02:10]} Ra4
{[%clk 0:08:14]} 50. Rg8+ {[%clk 0:02:13]} Kf6 {[%clk 0:08:23]} 51. Rb8
{[%clk 0:02:18]} Kg6 {[%clk 0:08:31]} 52. Rb6 {[%clk 0:02:26]} Rc4
{[%clk 0:08:40]} 53. Ke2 {[%clk 0:02:34]} Ra4 {[%clk 0:08:46]} 54. Kd3
{[%clk 0:02:42]} Kg7 {[%clk 0:08:44]} 55. Bc1 {[%clk 0:02:36]} Kg6
{[%clk 0:08:21]} 56. Ke2 {[%clk 0:02:38]} Kg7 {[%clk 0:08:15]} 57. Bb2+
{[%clk 0:02:46]} Kg6 {[%clk 0:08:25]} 58. Bc1 {[%clk 0:02:51]} Kg7
{[%clk 0:08:33]} 59. Kf3 {[%clk 0:02:59]} Kg6 {[%clk 0:08:42]} 60. Be3
{[%clk 0:03:06]} Rc4 {[%clk 0:08:51]} 61. Kg2 {[%clk 0:02:44]} Ra4
{[%clk 0:08:55]} 62. Kf3 {[%clk 0:02:35]} Rc4 {[%clk 0:09:02]} 63. Bf4
{[%clk 0:02:43]} Ra4 {[%clk 0:09:03]} 64. Be5 {[%clk 0:02:51]} Ra3+
{[%clk 0:09:05]} 65. Kg2 {[%clk 0:02:59]} Ra5 {[%clk 0:09:10]} 66. f4
{[%clk 0:02:48]} Ra8 {[%clk 0:09:10]} 67. Rc6 {[%clk 0:02:50]} Rd8
{[%clk 0:09:14]} 68. Kf3 {[%clk 0:02:53]} Rd3+ {[%clk 0:09:22]} 69. Kf2
{[%clk 0:02:59]} Rd8 {[%clk 0:09:31]} 70. Ra6 {[%clk 0:03:06]} Rc8
{[%clk 0:09:34]} 71. Kg2 {[%clk 0:03:11]} Rd8 {[%clk 0:09:39]} 72. Kh3
{[%clk 0:03:19]} Rc8 {[%clk 0:09:20]} 73. g4 {[%clk 0:03:24]} fxg4+
{[%clk 0:09:19]} 74. Kxg4 {[%clk 0:03:34]} f5+ {[%clk 0:09:28]} 75. Kf3
{[%clk 0:03:38]} Kf7 {[%clk 0:09:37]} 76. Ra7+ {[%clk 0:03:46]} Kg6
{[%clk 0:09:45]} 77. Ra6 {[%clk 0:03:52]} Kf7 {[%clk 0:09:53]} 78. Kg3
{[%clk 0:03:58]} Rg8+ {[%clk 0:10:01]} 79. Kf3 {[%clk 0:04:02]} Rc8
{[%clk 0:10:07]} 80. Ra1 {[%clk 0:04:05]} Nc5 {[%clk 0:09:21]} 81. Rc1
{[%clk 0:04:07]} Ke6 {[%clk 0:09:30]} 82. Rc4 {[%clk 0:03:44]} Rc6
{[%clk 0:09:27]} 83. Ke3 {[%clk 0:03:17]} Kd5 {[%clk 0:09:26]} 84. Rd4+
{[%clk 0:03:26]} Ke6 {[%clk 0:09:35]} 85. Rc4 {[%clk 0:03:35]} Kd5
{[%clk 0:09:45]} 86. Rd4+ {[%clk 0:03:45]} Ke6 {[%clk 0:09:53]} 87. Rd8
{[%clk 0:03:49]} Nd7 {[%clk 0:09:33]} 88. Bd4 {[%clk 0:03:54]} Ra6
{[%clk 0:09:30]} 89. Kf3 {[%clk 0:03:40]} Ra3+ {[%clk 0:09:28]} 90. Kg2
{[%clk 0:03:26]} Ra4 {[%clk 0:09:34]} 91. Be3 {[%clk 0:03:30]} Nf6
{[%clk 0:09:38]} 1/2-1/2

[Event "Schools-U15-17Open"]
[Site "Tehran2016"]
[Date "2016.07.10"]
[Round "6.3"]
[White "Ganjali, Hossein"]
[Black "Akhgari, Reza"]
[Result "1/2-1/2"]
[BlackElo "1939"]
[WhiteElo "1977"]
[LiveChessVersion "1.4.8"]

1. d4 d5 2. Nf3 Nf6 3. Bf4 c5 4. c3 Qb6 5. Qc1 Nc6 6. e3 e6 7. Nbd2 Be7 8. Bd3
O-O 9. O-O Bd7 10. Ne5 Nxe5 11. Bxe5 Rfc8 12. Qb1 h6 13. a4 c4 14. Bc2 Ne8 15.
Nf3 Bd6 16. Bxd6 Qxd6 17. Ne5 Nf6 18. e4 Bc6 19. Nxc6 Qxc6 20. Re1 dxe4 21. Bxe4
Nxe4 22. Qxe4 Qxe4 23. Rxe4 Rc6 24. a5 Rd8 25. Re5 Rd5 26. Rxd5 exd5 27. Ra3 b6
28. axb6 Rxb6 29. Ra2 a6 30. Kf1 Kf8 31. Ke2 Ke7 32. Kd2 f5 33. Kc2 Kd6 34. Ra5
Rc6 35. Kd2 Rb6 36. Kc2 Rc6 37. Kd2 Rb6 38. Kc2 Rc6 39. Kd2 Rb6 40. Kc2 Rc6 41.
Kd2 Rb6 1/2-1/2

[Event "Schools-U15-17Open"]
[Site "Tehran2016"]
[Date "2016.07.10"]
[Round "6.4"]
[White "Kashefi, Amir Hosein"]
[Black "Hoseini, S.Alireza"]
[Result "1-0"]
[BlackElo "1590"]
[WhiteElo "1962"]
[LiveChessVersion "1.4.8"]

1. d4 {[%clk 0:15:14]} Nf6 {[%clk 0:15:19]} 2. Nf3 {[%clk 0:15:23]} g6
{[%clk 0:15:28]} 3. c4 {[%clk 0:15:32]} d5 {[%clk 0:15:36]} 4. cxd5
{[%clk 0:15:41]} Nxd5 {[%clk 0:15:45]} 5. e4 {[%clk 0:15:50]} Nb6
{[%clk 0:15:54]} 6. Nc3 {[%clk 0:15:59]} Bg7 {[%clk 0:16:03]} 7. Be3
{[%clk 0:16:04]} O-O {[%clk 0:16:06]} 8. Be2 {[%clk 0:16:13]} Nc6
{[%clk 0:16:12]} 9. a4 {[%clk 0:16:21]} a5 {[%clk 0:16:19]} 10. O-O
{[%clk 0:16:29]} Bg4 {[%clk 0:16:24]} 11. e5 {[%clk 0:16:38]} Nb4
{[%clk 0:15:39]} 12. h3 {[%clk 0:16:42]} Bf5 {[%clk 0:14:56]} 13. Rc1
{[%clk 0:16:41]} c6 {[%clk 0:14:54]} 14. Nh4 {[%clk 0:16:44]} Be6
{[%clk 0:14:57]} 15. Ne4 {[%clk 0:16:43]} Bd5 {[%clk 0:14:27]} 16. Bf3
{[%clk 0:16:44]} Bc4 {[%clk 0:14:23]} 17. Be2 {[%clk 0:16:16]} Bd5
{[%clk 0:14:31]} 18. Bf3 {[%clk 0:16:24]} Bc4 {[%clk 0:14:34]} 19. Be2
{[%clk 0:16:33]} Bd5 {[%clk 0:14:43]} 20. Nc5 {[%clk 0:16:37]} e6
{[%clk 0:14:35]} 21. Nf3 {[%clk 0:16:40]} Rb8 {[%clk 0:14:42]} 22. Ng5
{[%clk 0:16:45]} Nc8 {[%clk 0:14:18]} 23. Nge4 {[%clk 0:16:48]} b6
{[%clk 0:14:24]} 24. Bg5 {[%clk 0:16:56]} Qc7 {[%clk 0:14:27]} 25. Nf6+
{[%clk 0:15:24]} Bxf6 {[%clk 0:14:35]} 26. Bxf6 {[%clk 0:15:32]} bxc5
{[%clk 0:14:44]} 27. Qd2 {[%clk 0:15:42]} Ne7 {[%clk 0:14:48]} 28. Bg4
{[%clk 0:15:50]} 1-0

[Event "Schools-U15-17Open"]
[Site "Tehran2016"]
[Date "2016.07.10"]
[Round "6.5"]
[White "Hejrati, Mohammad Mahdi"]
[Black "Myradow, Soltan"]
[Result "0-1"]
[BlackElo "1854"]
[WhiteElo "1898"]
[LiveChessVersion "1.4.8"]

1. e4 {[%clk 0:15:17]} e6 {[%clk 0:15:19]} 2. d4 {[%clk 0:15:25]} d5
{[%clk 0:15:28]} 3. Nd2 {[%clk 0:15:34]} c5 {[%clk 0:15:12]} 4. Ngf3
{[%clk 0:15:42]} Nf6 {[%clk 0:14:52]} 5. e5 {[%clk 0:15:44]} Nfd7
{[%clk 0:15:01]} 6. c3 {[%clk 0:15:52]} Nc6 {[%clk 0:15:10]} 7. Bd3
{[%clk 0:15:47]} Qb6 {[%clk 0:15:14]} 8. O-O {[%clk 0:15:54]} cxd4
{[%clk 0:15:11]} 9. cxd4 {[%clk 0:16:02]} Nxd4 {[%clk 0:15:07]} 10. Nxd4
{[%clk 0:16:11]} Qxd4 {[%clk 0:15:16]} 11. Nf3 {[%clk 0:16:20]} Qb6
{[%clk 0:15:24]} 12. Qa4 {[%clk 0:16:29]} Bc5 {[%clk 0:15:13]} 13. Qg4
{[%clk 0:16:20]} Kf8 {[%clk 0:13:46]} 14. Qf4 {[%clk 0:14:19]} Qb4
{[%clk 0:12:47]} 15. Qg3 {[%clk 0:13:25]} h5 {[%clk 0:12:21]} 16. h3
{[%clk 0:11:51]} h4 {[%clk 0:11:05]} 17. Qg5 {[%clk 0:11:58]} Be7
{[%clk 0:11:11]} 18. Qe3 {[%clk 0:11:55]} Nc5 {[%clk 0:11:13]} 19. Bc2
{[%clk 0:11:40]} Bd7 {[%clk 0:11:15]} 20. a3 {[%clk 0:11:32]} Qc4
{[%clk 0:11:01]} 21. Nd4 {[%clk 0:10:18]} Rc8 {[%clk 0:10:03]} 22. b4
{[%clk 0:09:47]} Na4 {[%clk 0:09:03]} 23. Bd2 {[%clk 0:07:39]} Nb6
{[%clk 0:07:05]} 24. Bd3 {[%clk 0:07:02]} Qc7 {[%clk 0:07:12]} 25. Rac1
{[%clk 0:06:37]} Nc4 {[%clk 0:07:11]} 26. Bxc4 {[%clk 0:06:39]} dxc4
{[%clk 0:07:20]} 27. f4 {[%clk 0:05:23]} g6 {[%clk 0:06:51]} 28. Kh1
{[%clk 0:05:12]} Kg7 {[%clk 0:06:25]} 29. Bc3 {[%clk 0:05:21]} Kh7
{[%clk 0:05:23]} 30. Bd2 {[%clk 0:04:52]} b5 {[%clk 0:05:02]} 31. g3
{[%clk 0:04:37]} hxg3 {[%clk 0:04:31]} 32. Qxg3 {[%clk 0:04:34]} Kg7
{[%clk 0:04:21]} 33. Kh2 {[%clk 0:03:57]} Rh5 {[%clk 0:02:50]} 34. Qg4
{[%clk 0:02:45]} Rch8 {[%clk 0:02:47]} 35. Rf3 {[%clk 0:02:52]} Bc6
{[%clk 0:02:13]} 36. Rg3 {[%clk 0:02:59]} Be4 {[%clk 0:02:04]} 37. Bc3
{[%clk 0:02:51]} Bh4 {[%clk 0:01:05]} 38. Rgg1 {[%clk 0:02:30]} Bf2
{[%clk 0:01:09]} 39. Rgf1 {[%clk 0:02:14]} Bxd4 {[%clk 0:01:17]} 40. Bxd4
{[%clk 0:02:20]} Bf5 {[%clk 0:01:26]} 41. Qg2 {[%clk 0:01:46]} Bxh3
{[%clk 0:01:26]} 0-1

[Event "Schools-U15-17Open"]
[Site "Tehran2016"]
[Date "2016.07.10"]
[Round "6.6"]
[White "Hakemi, Arman"]
[Black "Fendereski, Nima"]
[Result "1/2-1/2"]
[BlackElo "2096"]
[WhiteElo "1964"]
[LiveChessVersion "1.4.8"]

1. d4 {[%clk 0:15:17]} Nf6 {[%clk 0:15:18]} 2. Nf3 {[%clk 0:15:25]} e6
{[%clk 0:15:25]} 3. e3 {[%clk 0:15:34]} c5 {[%clk 0:15:07]} 4. Bd3
{[%clk 0:15:41]} Nc6 {[%clk 0:15:05]} 5. O-O {[%clk 0:15:42]} d5 {[%clk 0:15:03]}
6. b3 {[%clk 0:15:50]} Qc7 {[%clk 0:15:01]} 7. Bb2 {[%clk 0:15:24]} Bd6
{[%clk 0:15:04]} 8. Nbd2 {[%clk 0:15:05]} O-O {[%clk 0:14:35]} 9. a3
{[%clk 0:14:18]} e5 {[%clk 0:14:40]} 10. dxe5 {[%clk 0:14:16]} Nxe5
{[%clk 0:14:49]} 11. Nxe5 {[%clk 0:14:11]} Bxe5 {[%clk 0:14:57]} 12. Bxe5
{[%clk 0:14:18]} Qxe5 {[%clk 0:15:05]} 13. Qf3 {[%clk 0:13:42]} Bg4
{[%clk 0:13:25]} 14. Qg3 {[%clk 0:13:45]} Qc3 {[%clk 0:12:08]} 15. Nf3
{[%clk 0:09:47]} Rfe8 {[%clk 0:10:30]} 16. Rfc1 {[%clk 0:07:29]} Rac8
{[%clk 0:09:54]} 17. Ng5 {[%clk 0:06:50]} h6 {[%clk 0:09:14]} 18. Nh7
{[%clk 0:06:07]} Nxh7 {[%clk 0:08:16]} 19. Bxh7+ {[%clk 0:06:12]} Kxh7
{[%clk 0:08:24]} 20. Qxg4 {[%clk 0:06:21]} Kg8 {[%clk 0:07:14]} 21. Qd7
{[%clk 0:05:50]} d4 {[%clk 0:07:09]} 22. Qxb7 {[%clk 0:05:00]} dxe3
{[%clk 0:06:47]} 23. fxe3 {[%clk 0:05:03]} Qxe3+ {[%clk 0:06:53]} 24. Kh1
{[%clk 0:05:04]} Rcd8 {[%clk 0:06:53]} 25. Rf1 {[%clk 0:05:03]} Re7
{[%clk 0:06:58]} 26. Qf3 {[%clk 0:02:20]} Qxf3 {[%clk 0:07:05]} 27. Rxf3
{[%clk 0:02:15]} Rd2 {[%clk 0:07:14]} 28. c4 {[%clk 0:02:12]} Ree2
{[%clk 0:07:21]} 29. Rg1 {[%clk 0:00:37]} Rb2 {[%clk 0:07:08]} 30. h3
{[%clk 0:00:37]} f6 {[%clk 0:06:50]} 31. b4 {[%clk 0:00:17]} cxb4
{[%clk 0:06:52]} 32. axb4 {[%clk 0:00:27]} Rxb4 {[%clk 0:06:54]} 33. Ra3
{[%clk 0:00:36]} Rxc4 {[%clk 0:06:38]} 34. Rxa7 {[%clk 0:00:42]} Rcc2
{[%clk 0:06:45]} 35. Raa1 {[%clk 0:00:46]} Kh7 {[%clk 0:06:51]} 36. Rae1
{[%clk 0:00:52]} Kg6 {[%clk 0:06:43]} 37. Rxe2 {[%clk 0:01:01]} Rxe2
{[%clk 0:06:51]} 38. Kh2 {[%clk 0:01:11]} h5 {[%clk 0:06:57]} 39. Kg3
{[%clk 0:01:18]} Re3+ {[%clk 0:07:01]} 40. Kf2 {[%clk 0:01:21]} Ra3
{[%clk 0:07:07]} 41. Rb1 {[%clk 0:01:27]} h4 {[%clk 0:07:11]} 42. Rb4
{[%clk 0:01:33]} Kg5 {[%clk 0:07:19]} 43. Rg4+ {[%clk 0:01:40]} Kh6
{[%clk 0:06:28]} 44. Rxh4+ {[%clk 0:01:48]} Kg6 {[%clk 0:06:37]} 45. Rg4+
{[%clk 0:01:55]} Kf7 {[%clk 0:06:46]} 46. Re4 {[%clk 0:02:02]} f5
{[%clk 0:06:54]} 47. Rb4 {[%clk 0:02:05]} Kf6 {[%clk 0:07:00]} 48. Rc4
{[%clk 0:02:10]} g6 {[%clk 0:07:07]} 49. Rc6+ {[%clk 0:02:03]} Kg5
{[%clk 0:07:15]} 50. Rc4 {[%clk 0:02:11]} f4 {[%clk 0:07:19]} 51. Rc2
{[%clk 0:01:52]} Kh4 {[%clk 0:07:20]} 52. Rb2 {[%clk 0:01:46]} 1/2-1/2

[Event "Schools-U15-17Open"]
[Site "Tehran2016"]
[Date "2016.07.10"]
[Round "6.7"]
[White "Gholami Orimi, Mahdi"]
[Black "Pangilinan, Stephen Rome"]
[Result "0-1"]
[BlackElo "1862"]
[WhiteElo "1732"]
[LiveChessVersion "1.4.8"]

1. d4 Nf6 2. c4 e5 3. dxe5 Ne4 4. a3 Nc6 5. Nf3 Bc5 6. e3 Ng5 7. Nxg5 Qxg5 8. f4
Qg6 9. Qd2 d6 10. b4 Bb6 11. Bd3 Bf5 12. Bxf5 Qxf5 13. exd6 cxd6 14. O-O O-O 15.
Nc3 Rfe8 16. Nd5 Qe4 17. Nxb6 axb6 18. f5 Qxc4 19. f6 Re6 20. Bb2 Rae8 21. Rf3
Ne5 22. Bxe5 Rxe5 23. Rg3 g6 24. Rf1 Rd5 25. Qe1 Qe4 26. Qe2 Rc8 27. Rg4 Qe5 28.
Qf3 Rd3 29. Re4 Qg5 30. h4 Qd5 31. Qh3 Rf8 32. Re7 Rxa3 33. Qg3 Ra2 34. Kh2 h5
35. Rf3 Rc8 36. e4 Qd2 37. Qh3 Rcc2 38. Rg3 Qf4 39. Kg1 Rc1+ 40. Kh2 Raa1 0-1

[Event "Schools-U15-17Open"]
[Site "Tehran2016"]
[Date "2016.07.10"]
[Round "6.8"]
[White "Ghaffarifar, Matin"]
[Black "Pourghanbarzad Lashtnesha, Arm"]
[Result "0-1"]
[BlackElo "2138"]
[WhiteElo "1974"]
[LiveChessVersion "1.4.8"]

1. d4 d5 2. c4 c6 3. cxd5 cxd5 4. Nc3 Nf6 5. Bf4 Nc6 6. e3 Bf5 7. Qb3 Na5 8. Bb5+
Bd7 9. Qc2 Rc8 10. Bd3 e6 11. h3 Nc4 12. Nf3 Bb4 13. Bxc4 Rxc4 14. Ne5 Rc8 15.
Qb3 Qa5 16. O-O b6 17. Rfc1 O-O 18. Bg5 Bxc3 19. bxc3 Ba4 20. Qb4 Ne4 21. Be7
Rfe8 22. c4 Qxb4 23. Bxb4 f6 24. f3 Ng3 25. Kf2 Nf5 26. g4 Ne7 27. Nd3 dxc4 28.
Nb2 Bb5 29. a4 Ba6 30. e4 Nc6 31. Bc3 Red8 32. Ke3 Kf7 33. f4 g6 34. Rc2 f5 35.
gxf5 exf5 36. exf5 gxf5 37. d5 Ne7 38. Kf3 Bb7 39. Rg1 Bxd5+ 40. Kf2 Rg8 41. Re1
Rg2+ 0-1

[Event "Schools-U15-17Open"]
[Site "Tehran2016"]
[Date "2016.07.10"]
[Round "6.9"]
[White "Saberi, Mahan"]
[Black "Daghli, Arash"]
[Result "1-0"]
[BlackElo "2024"]
[WhiteElo "1971"]
[LiveChessVersion "1.4.8"]

1. e4 c6 2. d4 d5 3. Nd2 dxe4 4. Nxe4 Nd7 5. c3 Ngf6 6. Nxf6+ Nxf6 7. Bc4 Bf5 8.
Qb3 e6 9. Qxb7 Qc8 10. Qxc8+ Rxc8 11. Nf3 Bd6 12. O-O O-O 13. Be3 Nd5 14. Bd2 Rb8
15. b4 h6 16. a3 Rfd8 17. Rfe1 g5 18. Ne5 Rbc8 19. g4 Bh7 20. Bd3 Bxe5 21. Bxh7+
Kxh7 22. Rxe5 Nb6 23. Rc5 Rd5 24. Rxd5 cxd5 25. Kf1 Na4 26. Rc1 Kg6 27. Ke2 f6
28. Kd3 Kf7 29. Kc2 Nb6 30. Kb3 Nc4 31. Be3 f5 32. Rg1 Kf6 33. Bc1 e5 34. dxe5+
Nxe5 35. gxf5 Kxf5 36. Rd1 Ke6 37. f4 Nf7 38. fxg5 hxg5 39. Be3 a6 40. Bd4 g4 41.
Rf1 Nd6 42. Rf6+ Kd7 43. Rg6 Re8 44. Rxg4 Re2 45. Rg5 {[%clk 0:09:12]} Kc6
{[%clk 0:04:29]} 46. Rg6 {[%clk 0:09:20]} Kd7 {[%clk 0:03:58]} 47. Bc5
{[%clk 0:09:28]} Ne4 48. Rxa6 Nxc5+ 49. bxc5 Rxh2 50. Rd6+ Kc7 51. Rxd5 Kc6 52.
Rg5 Rh4 53. a4 Rf4 54. a5 Kb5 55. Rg7 Kxc5 56. a6 Rf1 57. Rg4 Rb1+ 58. Ka2 Rb8
59. Ra4 Kb5 {[%clk 0:00:00]} 1-0